Statistics for 東日本の全ての町

Click here to take the quiz!

General Stats

  • This quiz has been taken 116 times
  • The average score is 412 of 439

Answer Stats

都道府県% Correct
群馬長野原
100%
北海道(十勝) | 岐阜 | 福井 | 長野池田
100%
岩手平泉
100%
富山 | 山形朝日
100%
北海道(日高)新ひだか
100%
北海道(上川)上川
100%
群馬草津
100%
北海道(胆振)洞爺湖
100%
群馬みなかみ
100%
宮城南三陸
100%
秋田八郎潟
100%
北海道(渡島) | 静岡
100%
北海道(宗谷)利尻
100%
福井おおい
100%
北海道(日高)日高
100%
宮城松島
98%
北海道(胆振)白老
98%
北海道(胆振)豊浦
98%
福井高浜
98%
北海道(日高)新冠
98%
宮城利府
98%
神奈川湯河原
98%
北海道(オホーツク)佐呂間
98%
山梨身延
98%
山梨富士河口湖
98%
埼玉 | 宮城美里
98%
北海道(オホーツク)斜里
98%
宮城女川
98%
長野軽井沢
98%
北海道(宗谷)利尻富士
98%
北海道(宗谷)礼文
98%
北海道(宗谷)幌延
98%
北海道(宗谷)枝幸
98%
北海道(宗谷)中頓別
98%
宮城蔵王
98%
福井南越前
98%
岩手一戸
98%
新潟阿賀
98%
青森三戸
98%
青森五戸
98%
神奈川大井
98%
山梨 | 青森南部
98%
神奈川山北
98%
東京八丈
98%
神奈川箱根
98%
神奈川真鶴
98%
北海道(根室)中標津
98%
東京大島
98%
東京奥多摩
98%
新潟津南
98%
東京瑞穂
98%
北海道(釧路)釧路
98%
富山上市
98%
富山立山
98%
石川津幡
98%
岩手住田
98%
石川宝達志水
98%
岩手大槌
98%
石川穴水
98%
北海道(十勝) | 静岡清水
98%
岩手山田
98%
岩手岩泉
98%
秋田藤里
98%
北海道(宗谷)浜頓別
98%
秋田小坂
98%
長野御代田
98%
北海道(後志)倶知安
98%
北海道(空知)雨竜
98%
北海道(空知)妹背牛
98%
北海道(空知)新十津川
98%
北海道(留萌)羽幌
98%
福島只見
98%
福島南会津
98%
岐阜白川
98%
静岡東伊豆
98%
静岡南伊豆
98%
山形最上
98%
群馬中之条
98%
静岡西伊豆
98%
静岡函南
98%
栃木那須
98%
北海道(檜山)奥尻
98%
静岡吉田
98%
静岡川根本
98%
栃木茂木
98%
茨城大洗
98%
埼玉神川
98%
青森横浜
98%
長野箕輪
98%
北海道(留萌)増毛
98%
長野富士見
98%
山形大石田
98%
北海道(上川)中川
98%
千葉酒々井
98%
長野阿南
98%
長野辰野
98%
群馬下仁田
95%
栃木野木
95%
岩手矢巾
95%
栃木市貝
95%
岩手岩手
95%
青森六戸
95%
栃木上三川
95%
秋田八峰
95%
岩手雫石
95%
福島双葉
95%
茨城
95%
茨城茨城
95%
青森田子
95%
千葉
95%
茨城城里
95%
茨城五霞
95%
青森大間
95%
青森おいらせ
95%
岩手金ケ崎
95%
宮城七ヶ浜
95%
山形 | 福島金山
95%
埼玉川島
95%
山形真室川
95%
宮城大和
95%
埼玉小鹿野
95%
宮城亘理
95%
千葉横芝光
95%
宮城大郷
95%
埼玉長瀞
95%
千葉一宮
95%
千葉長柄
95%
千葉九十九里
95%
秋田井川
95%
山形遊佐
95%
群馬大泉
95%
千葉東庄
95%
山形河北
95%
福島西会津
95%
福島磐梯
95%
群馬玉村
95%
山形中山
95%
秋田羽後
95%
秋田美郷
95%
山形庄内
95%
茨城阿見
95%
青森七戸
95%
北海道(上川)南富良野
95%
福井若狭
95%
北海道(オホーツク)興部
95%
北海道(オホーツク)遠軽
95%
山梨富士川
95%
山梨昭和
95%
長野小海
95%
北海道(オホーツク)大空
95%
長野佐久穂
95%
北海道(宗谷)豊富
95%
北海道(留萌)天塩
95%
北海道(後志)黒松内
95%
北海道(上川)幌加内
95%
北海道(上川)下川
95%
北海道(上川)中富良野
95%
北海道(胆振)安平
95%
北海道(上川)上富良野
95%
青森野辺地
95%
長野松川
95%
長野高森
95%
北海道(上川)比布
95%
北海道(後志)ニセコ
95%
静岡河津
95%
岐阜坂祝
95%
北海道(空知)北竜
95%
北海道(空知)秩父別
95%
北海道(後志)余市
95%
岐阜養老
95%
岐阜揖斐川
95%
北海道(胆振)壮瞥
95%
北海道(檜山)せたな
95%
北海道(胆振)むかわ
95%
石川中能登
95%
愛知設楽
95%
愛知南知多
95%
愛知東浦
95%
神奈川二宮
95%
神奈川中井
95%
青森深浦
95%
愛知阿久比
95%
神奈川開成
95%
北海道(根室)羅臼
95%
北海道(根室)別海
95%
茨城八千代
95%
富山入善
95%
新潟湯沢
95%
静岡小山
95%
北海道(日高)浦河
95%
福井永平寺
95%
静岡長泉
95%
北海道(日高)様似
95%
福井越前
95%
北海道(檜山)江差
95%
愛知 | 福井美浜
95%
石川能登
95%
北海道(日高)えりも
95%
群馬吉岡
93%
岐阜安八
93%
岐阜大野
93%
群馬板倉
93%
岐阜輪之内
93%
栃木芳賀
93%
静岡松崎
93%
岐阜七宗
93%
群馬東吾妻
93%
栃木那珂川
93%
群馬甘楽
93%
愛知蟹江
93%
栃木塩谷
93%
茨城利根
93%
愛知大口
93%
愛知豊山
93%
群馬千代田
93%
埼玉杉戸
93%
埼玉伊奈
93%
千葉神崎
93%
神奈川葉山
93%
神奈川寒川
93%
神奈川大磯
93%
神奈川松田
93%
神奈川愛川
93%
東京日の出
93%
石川川北
93%
石川内灘
93%
千葉鋸南
93%
千葉大多喜
93%
千葉長南
93%
千葉白子
93%
千葉芝山
93%
山梨早川
93%
長野立科
93%
埼玉三芳
93%
長野下諏訪
93%
埼玉宮代
93%
埼玉寄居
93%
長野南木曽
93%
長野木曽
93%
長野坂城
93%
埼玉上里
93%
岐阜岐南
93%
岐阜笠松
93%
埼玉吉見
93%
埼玉小川
93%
岐阜垂井
93%
岐阜関ケ原
93%
埼玉嵐山
93%
愛知東栄
93%
福島桑折
93%
北海道(釧路)浜中
93%
北海道(上川)和寒
93%
宮城大河原
93%
宮城村田
93%
北海道(上川)美深
93%
宮城川崎
93%
宮城丸森
93%
宮城山元
93%
宮城加美
93%
北海道(留萌)小平
93%
秋田三種
93%
秋田五城目
93%
山形山辺
93%
山形大江
93%
山形舟形
93%
山形高畠
93%
宮城七ヶ宿
93%
岩手洋野
93%
北海道(空知)栗山
93%
北海道(釧路)白糠
93%
北海道(十勝)芽室
93%
北海道(十勝)足寄
93%
北海道(十勝)浦幌
93%
茨城大子
93%
北海道(日高)平取
93%
北海道(オホーツク)雄武
93%
北海道(根室)標津
93%
岩手西和賀
93%
北海道(オホーツク)置戸
93%
青森鰺ヶ沢
93%
北海道(オホーツク)清里
93%
北海道(オホーツク)美幌
93%
青森階上
93%
岩手葛巻
93%
岩手紫波
93%
北海道(空知)浦臼
93%
山形西川
93%
北海道(後志)積丹
93%
山形三川
93%
北海道(渡島)七飯
93%
福島会津坂下
93%
福島猪苗代
93%
北海道(後志)京極
93%
北海道(渡島)木古内
93%
北海道(渡島)八雲
93%
福島広野
93%
北海道(渡島)鹿部
93%
福島楢葉
93%
北海道(後志)共和
93%
福島三島
93%
福島
93%
北海道(空知)南幌
93%
北海道(空知)上砂川
93%
北海道(空知)由仁
93%
福島石川
93%
福島浪江
93%
北海道(渡島)松前
93%
福島新地
93%
北海道(オホーツク)訓子府
91%
北海道(オホーツク)小清水
91%
愛知扶桑
91%
山梨西桂
91%
北海道(空知)長沼
91%
北海道(オホーツク)湧別
91%
北海道(オホーツク)滝上
91%
山梨市川三郷
91%
北海道(胆振)厚真
91%
北海道(渡島)知内
91%
愛知武豊
91%
北海道(十勝)士幌
91%
北海道(渡島)福島
91%
北海道(十勝)新得
91%
北海道(オホーツク)津別
91%
北海道(檜山)上ノ国
91%
北海道(留萌)遠別
91%
北海道(後志)仁木
91%
北海道(空知)月形
91%
北海道(空知)沼田
91%
長野山ノ内
91%
長野小布施
91%
北海道(上川)東神楽
91%
北海道(十勝)広尾
91%
岐阜北方
91%
北海道(上川)当麻
91%
岐阜八百津
91%
北海道(渡島)長万部
91%
北海道(上川)愛別
91%
北海道(上川)東川
91%
岐阜御嵩
91%
北海道(後志)岩内
91%
北海道(上川)剣淵
91%
北海道(後志)蘭越
91%
北海道(檜山)今金
91%
北海道(留萌)苫前
91%
愛知東郷
91%
北海道(十勝)大樹
91%
茨城河内
91%
石川志賀
91%
群馬邑楽
91%
千葉睦沢
91%
宮城色麻
91%
千葉多古
91%
宮城涌谷
91%
埼玉皆野
91%
埼玉ときがわ
91%
埼玉鳩山
91%
山形白鷹
91%
福島国見
91%
福島下郷
91%
千葉御宿
91%
群馬明和
91%
福島会津美里
91%
福島矢祭
91%
栃木高根沢
91%
福島三春
91%
福島小野
91%
福島富岡
91%
栃木益子
91%
福島大熊
91%
宮城柴田
91%
北海道(石狩)当別
91%
新潟聖籠
91%
北海道(釧路)弟子屈
91%
青森東北
91%
北海道(十勝)豊頃
91%
青森鶴田
91%
北海道(十勝)陸別
91%
青森平内
91%
青森板柳
91%
青森外ヶ浜
91%
北海道(釧路)厚岸
91%
青森藤崎
91%
新潟田上
91%
北海道(釧路)標茶
91%
長野長和
88%
福島鏡石
88%
北海道(後志)古平
88%
福島柳津
88%
北海道(檜山)厚沢部
88%
北海道(後志)喜茂別
88%
福島矢吹
88%
北海道(後志)寿都
88%
北海道(十勝)音更
88%
群馬神流
88%
福島浅川
88%
愛知大治
88%
栃木壬生
88%
岐阜川辺
88%
岐阜富加
88%
埼玉横瀬
88%
長野信濃
88%
青森中泊
88%
長野飯島
88%
北海道(上川)美瑛
88%
青森大鰐
88%
長野上松
88%
埼玉松伏
88%
山形川西
88%
北海道(上川)鷹栖
88%
山形小国
88%
長野飯綱
88%
北海道(十勝)幕別
88%
埼玉毛呂山
88%
北海道(空知)奈井江
88%
埼玉越生
88%
埼玉滑川
88%
岐阜神戸
88%
山形飯豊
88%
青森今別
88%
福島古殿
86%
新潟出雲崎
86%
北海道(十勝)上士幌
86%
北海道(十勝)鹿追
86%
岩手軽米
86%
愛知幸田
86%
福島棚倉
86%
福島川俣
86%
北海道(檜山)乙部
81%
北海道(十勝)本別
81%

Score Distribution

Percentile by Number Answered

Percent of People with Each Score

Your Score History

You have not taken this quiz